000 00570nam a2200217Ia 4500
003 OSt
005 20220928142707.0
006 a|||||r|||| 00| 0
007 ta
008 220927b |||||||| |||| 00| 0 eng d
024 _a20013
037 _cTextual
040 _aSDCL
_cSDCL
_beng
041 _2eng
_aeng
082 _aO15,1v236'N5, L3
100 _aAgnihtori Rajiv Lochan
_9503814
245 0 _aBaghelakhand ke samskrta kavya.
260 _c1973
942 _hO15,1v236'N5, L3
_cTEXL
_2CC
999 _c822154
_d822154